Besonderheiten im gesundheitsmarkt

Salvato in:
Dettagli Bibliografici
Autore principale: Bednorz, Andreas
Natura: Capitolo di libro
Lingua:tedesco
Soggetti:
Tags: Aggiungi Tag
Nessun Tag, puoi essere il primo ad aggiungerne!!

MARC

LEADER 00000nla$a2200000$$$4500
001 0099828
005 20240502072110.2
041 0 |a ger 
044 |a SK 
245 1 0 |a Besonderheiten im gesundheitsmarkt  |c Andreas Bednorz 
610 2 0 |a zdravotníctvo verejné 
610 2 0 |a trh 
610 2 0 |a financovanie 
610 2 0 |a služby starostlivosti sociálnej 
100 1 |a Bednorz, Andreas